| 000 | 00000nam 2200000za 4500 |
| 001 | 9.808046 |
| 003 | CaOODSP |
| 005 | 20240527135429 |
| 007 | cr ||||||||||| |
| 008 | 151218s2016 qucb|||#o f000 0 eng d |
| 020 | |a9780660040431 |
| 040 | |aCaOODSP|beng |
| 043 | |an-cn--- |
| 086 | 1 |aCW69-16/46-2016E-PDF |
| 245 | 00|aProposals to amend the Canadian migratory birds regulations |h[electronic resource] : |b(including regulation proposals for overabundant species) / |cCanadian Wildlife Service Waterfowl Committee. |
| 260 | |aGatineau, Quebec : |bEnvironment and Climate Change Canada, |c2016. |
| 300 | |816, [29] p. : |aill. |
| 490 | 1 |aCWS migratory birds regulatory report ; |vNo. 46 |
| 500 | |a"December 2015." |
| 500 | |a"Consulation document." |
| 500 | |aIssued also in French under title: Propositions de modification de la réglementation sur les oiseaux migrateurs du Canada. |
| 690 | 07|aMigratory birds|2gcpds |
| 710 | 2 |aCanadian Wildlife Service. |
| 775 | 08|tPropositions de modification de la réglementation sur les oiseaux migrateurs du Canada |w(CaOODSP)9.808047 |
| 830 | #0|aCWS migratory birds regulatory report ;|vNo. 46|w(CaOODSP)9.505137 |
| 856 | 40|qPDF|s3.73 MB|uhttps://publications.gc.ca/collections/collection_2016/eccc/CW69-16-46-2016-eng.pdf |